Riemann waves and their applications
Saved in:
| Main Author: | |
|---|---|
| Format: | Book |
| Language: | English |
| Published: |
Harlow, Essex, England : New York :
Longman Scientific & Technical, Wiley,
1992
|
| Series: | Pitman research notes in mathematics series ;
; 276 |
| Subjects: | |
| Tags: |
Add Tag
No Tags, Be the first to tag this record!
|
MARC
| LEADER | 00000cam a2200000 i 4500 | ||
|---|---|---|---|
| 001 | 1/39756 | ||
| 008 | 941103s1992 eng d | ||
| 020 | |a 0582215404 | ||
| 035 | |l 10041087 | ||
| 035 | |a 1993 | ||
| 040 | |a GR-MY-UA |b gre |e aacr | ||
| 041 | 0 | |a eng | |
| 082 | 0 | |a 515.353 |2 (20) | |
| 100 | 1 | |a Kalinowski, Marek Wojciech. | |
| 245 | 1 | 0 | |a Riemann waves and their applications / |c Marek Wojciech Kalinowski |
| 260 | |a Harlow, Essex, England : |a New York : |b Longman Scientific & Technical, |b Wiley, |c 1992 | ||
| 300 | |a 228 p.; |b ill.; |c 25 cm | ||
| 490 | 1 | |a Pitman research notes in mathematics series |v ; 276 | |
| 504 | |a Includes bibliographical references (p. 225-228) | ||
| 650 | 0 | 0 | |a Wave equation |x Numerical solutions. |
| 650 | 0 | 0 | |a Invariants. |
| 650 | 0 | 0 | |a Backlund transformations. |
| 830 | 0 | |a Pitman research notes in mathematics series ; |v ; 276 | |
| 852 | |a INST |b SAMOS |e 19941103 |h 515.353 KAL |p 005300007162 |q 005300007162 |t BK |y 0 | ||
| 909 | |a Σ |b 030635 | ||